000 00227nam a2200097Ia 4500
001 691948
005 20250826161845.0
008 250824s9999 xx 000 0 und d
245 0 _aİNSAN NE İLE YAŞAR
_cTOLSTOY
260 _bŞULE
999 _c691948
_d691948